Online
Catalog

Las obras de arte del Vaticano : (Record no. 36203)

MARC details
000 -CABECERA
campo de control de longitud fija 00662nam a2200169 a 4500
001 - NÚMERO DE CONTROL
campo de control 000036712
005 - FECHA Y HORA DE LA ÚLTIMA TRANSACCIÓN
campo de control 20200930075905.0
008 - DATOS DE LONGITUD FIJA--INFORMACIÓN GENERAL
campo de control de longitud fija 120125s1953 es 000 0 spa d
040 ## - FUENTE DE LA CATALOGACIÓN
Centro catalogador/agencia de origen DO-SdBNP
Lengua de catalogación spa
Centro/agencia transcriptor BNPHU
100 1# - ENTRADA PRINCIPAL--NOMBRE DE PERSONA
Nombre de persona Ipser, Karl
9 (RLIN) 63015
245 14 - MENCIÓN DE TÍTULO
Título Las obras de arte del Vaticano :
Resto del título con 160 láminas /
Mención de responsabilidad, etc. Karl Ipser ; traducción del alemán por Francisca Palau-Ribes Casamitjana.
260 ## - PUBLICACIÓN, DISTRIBUCIÓN, ETC.
Lugar de publicación, distribución, etc. Barcelona :
Nombre del editor, distribuidor, etc. Editorial Orbis,
Fecha de publicación, distribución, etc. 1953.
300 ## - DESCRIPCIÓN FÍSICA
Extensión 198 p., 160 láms :
Otras características físicas il. ;
Dimensiones 25 cm.
490 1# - MENCIÓN DE SERIE
Mención de serie Colecciones de arte (Ciudad del Vaticano)
700 12 - PUNTO DE ACCESO ADICIONAL--NOMBRE DE PERSONA
Nombre de persona Palau-Ribes Casamitjana, Francisca
9 (RLIN) 63016
830 #0 - PUNTO DE ACCESO ADICIONAL DE SERIE-TÍTULO UNIFORME
Título uniforme Colecciones de arte (Ciudad del Vaticano)
9 (RLIN) 63017
Holdings
Estado de retiro Estado de pérdida Restricciones de uso No para préstamo Código de colección Localización permanente Ubicación/localización actual Ubicación en estantería Fecha de adquisición Número de inventario Total de préstamos Signatura topográfica completa Código de barras Fecha visto por última vez Precio válido a partir de Tipo de ítem Koha
      Excluido de préstamo Monografías: Libros y Folletos General General En catalogación 25.01.2012 LF1   36712-10 25.06.2020 25.06.2020 No se presta

Powered by Koha